| 000 | 00852cam a2200313 4500 | ||
|---|---|---|---|
| 001 | WS105207 | ||
| 008 | 000000n 000 0 eng u | ||
| 035 | _a(Sirsi) u105207 | ||
| 245 | _aReal Estate Databases | ||
| 520 | _aUS site listing of all the real estate directories offering a search facility across them all. | ||
| 650 | _aUSA | ||
| 650 | _aRENTS | ||
| 650 | _aMORTGAGES | ||
| 650 | _aAUSTRALIA | ||
| 650 | _aCANADA | ||
| 650 | 0 | _aCOSTA RICA | |
| 650 | _aARGENTINA | ||
| 650 | _aISRAEL | ||
| 650 | _aNEW ZEALAND | ||
| 650 | _aRESIDENTIAL | ||
| 650 | _aOFFICES | ||
| 650 | _aRETAIL | ||
| 650 | _aINDUSTRIAL | ||
| 650 | _aLEISURE | ||
| 650 | _aSPAIN | ||
| 690 | _aPROPERTY-COMMERCIAL PROPERTY | ||
| 856 | 4 | 0 |
_uhttps://www.internets.com/srealest.htm _zView the website free of charge at www.internets.com... |
| 942 | _n0 | ||
| 999 |
_c119477 _d119477 |
||